000 00719nam a2200217Ia 4500
003 OSt
005 20230417112911.0
008 210423s2003 xx 000 0 und d
020 _a039309412X
040 _cAL
041 _aeng
082 _a823.509 KELN
100 _aKELLY (Edward H) Ed
_989275
245 _aNorton critical edition: Daniel Defoe Moll Flanders; an authoritative text backgrounds and sources criticism.
260 _aNew York
_bW W Norton & Co.,
_c2003
300 _aix,444
_bPB
365 _b225
_cINR
650 _aEnglish Criticism
_989276
906 _aauthoritative ; backgrounds ; critical ; criticism. ; Daniel ; Defoe ; edition: ; Flanders ; Moll ; Norton ; sources
942 _2ddc
_cBK
999 _c159938
_d159938